<?xml version="1.0" encoding="UTF-8"?>
<record
    xmlns:xsi="http://www.w3.org/2001/XMLSchema-instance"
    xsi:schemaLocation="http://www.loc.gov/MARC21/slim http://www.loc.gov/standards/marcxml/schema/MARC21slim.xsd"
    xmlns="http://www.loc.gov/MARC21/slim">

  <leader>01750nam a22001937a 4500</leader>
  <controlfield tag="005">20260618101909.0</controlfield>
  <controlfield tag="008">260618b        |||||||| |||| 00| 0 spa d</controlfield>
  <datafield tag="040" ind1=" " ind2=" ">
    <subfield code="a"> Instituto Dominicano de Evaluaci&#xF3;n e Investigaci&#xF3;n de la Calidad Educativa , IDEICE</subfield>
    <subfield code="c">IDEICE</subfield>
    <subfield code="e">RDA</subfield>
  </datafield>
  <datafield tag="082" ind1=" " ind2=" ">
    <subfield code="a">Ideice 371.4 I59i 2026</subfield>
  </datafield>
  <datafield tag="110" ind1=" " ind2=" ">
    <subfield code="a">Instituto Dominicano de Evaluaci&#xF3;n e Investigaci&#xF3;n de la Calidad Educativa , IDEICE</subfield>
  </datafield>
  <datafield tag="245" ind1=" " ind2=" ">
    <subfield code="a">An&#xE1;lisis del programa de habilidades parentales orientado a la prevenci&#xF3;n del consumo de sustancias psicoactivas en adolescentes</subfield>
    <subfield code="c">IDEICE</subfield>
  </datafield>
  <datafield tag="260" ind1=" " ind2=" ">
    <subfield code="a">Santo Domingo, Rep&#xFA;blica Dominicana </subfield>
    <subfield code="b">IDEICE</subfield>
    <subfield code="c">2026</subfield>
  </datafield>
  <datafield tag="300" ind1=" " ind2=" ">
    <subfield code="c">70p.</subfield>
  </datafield>
  <datafield tag="505" ind1=" " ind2=" ">
    <subfield code="a">El Programa Habilidades Parentales constituye una iniciativa orientada a la prevenci&#xF3;n del consumo de sustancias psicoactivas en adolescentes, desarrollada de manera conjunta por el Consejo Nacional de Drogas (CND) y la Direcci&#xF3;n de Participaci&#xF3;n Comunitaria del Ministerio de Educaci&#xF3;n. Con el prop&#xF3;sito de reflexionar sobre su implementaci&#xF3;n y los efectos generados en la poblaci&#xF3;n beneficiaria, se realiz&#xF3; una sistematizaci&#xF3;n de experiencias centrada en las vivencias de familias, orientadores(as), psic&#xF3;logos(as) y t&#xE9;cnicos distritales participantes en el programa.</subfield>
  </datafield>
  <datafield tag="650" ind1=" " ind2=" ">
    <subfield code="a">Investigaci&#xF3;n Educativa--Rep&#xFA;blica Dominicana; Habilidades parentales, Orientaci&#xF3;n educativa; Relaciones familiares; Acompa&#xF1;amiento socioemocional del estudiante.</subfield>
  </datafield>
  <datafield tag="710" ind1=" " ind2=" ">
    <subfield code="a">Instituto Dominicano de Evaluaci&#xF3;n e Investigaci&#xF3;n de la Calidad Educativa , IDEICE</subfield>
  </datafield>
  <datafield tag="856" ind1=" " ind2=" ">
    <subfield code="u">https://ideice.gob.do/documentacion/publicaciones-id-233-analisis-del-programa-de-habilidades-parentales-orientado-a-la-prevencion-del-consumo-de-sustancias-psicoactivas-en-adolescentes</subfield>
  </datafield>
  <datafield tag="942" ind1=" " ind2=" ">
    <subfield code="2">ddc</subfield>
    <subfield code="c">LIB</subfield>
    <subfield code="n">0</subfield>
  </datafield>
  <datafield tag="999" ind1=" " ind2=" ">
    <subfield code="c">14665</subfield>
    <subfield code="d">14665</subfield>
  </datafield>
  <datafield tag="952" ind1=" " ind2=" ">
    <subfield code="0">0</subfield>
    <subfield code="1">0</subfield>
    <subfield code="2">ddc</subfield>
    <subfield code="4">0</subfield>
    <subfield code="7">0</subfield>
    <subfield code="a">RI</subfield>
    <subfield code="b">RI</subfield>
    <subfield code="d">2026-06-18</subfield>
    <subfield code="l">0</subfield>
    <subfield code="r">2026-06-18 10:18:26</subfield>
    <subfield code="u">https://ideice.gob.do/documentacion/publicaciones-id-233-analisis-del-programa-de-habilidades-parentales-orientado-a-la-prevencion-del-consumo-de-sustancias-psicoactivas-en-adolescentes</subfield>
    <subfield code="w">2026-06-18</subfield>
    <subfield code="y">LIB</subfield>
  </datafield>
</record>
